000 00442nam a22001577a 4500
003 OSt
008 230221b |||||||| |||| 00| 0 eng d
041 _aMAL
082 _a923.20532
_bGUV/MO
100 _aChe guvera, Earnesto
_95375
245 _aMotor cycle diaries
_bമോട്ടോർ സൈക്കിൾ ഡയറീസ്
250 _a2nd
260 _aThiruvananthapuram
_bChintha Publishers
_c2022
300 _a184
942 _cBK
999 _c17618
_d17618